| 000 | 00486nam a22001457a 4500 | ||
|---|---|---|---|
| 082 |
_a631.1 _bDAS/DE |
||
| 100 |
_aDas, Ajoy Kumar _939 |
||
| 245 | _aDevelopment and testing of Coleus and ginger harvester | ||
| 260 |
_aTavanur _bDepartment of Farm and Power Machinery _c2009 |
||
| 700 |
_aDhanya Augustine _940 |
||
| 700 |
_aNadiya Nesthad _941 |
||
| 700 |
_aJayan, P.R (guide) _942 |
||
| 856 | _uhttps://drive.google.com/file/d/0B8K9-c_S7d7WcGpYaUItWFN3TjA/edit?usp=sharing | ||
| 942 | _cPR | ||
| 999 |
_c14085 _d14085 |
||